000 00555nam a2200229Ia 4500
003 OSt
005 20220924152831.0
006 a|||||r|||| 00| 0
007 ta
008 220923b |||||||| |||| 00| 0 guj d
024 _a344923
037 _cTextual
040 _aARTS
_cARTS
_bguj
041 _2guj
_aguj
082 _aO156,1M61x, K4
100 _aTagore
_9154861
245 0 _aVishvabhavi
260 _c1964
650 _aGUJRATI LITERATURE
942 _hO156,1M61x, K4
_cTEXL
_2CC
999 _c471174
_d471174